Central Library, Doon University
WEBOPAC (ONLINE PUBLIC ACCESS CATALOGUE)

Artificial Intelligence (Record no. 60994)

MARC details
000 -LEADER
fixed length control field 00473nam a22001937a 4500
005 - DATE & TIME
control field 20260604114810.0
008 - FIXED-LENGTH DATA ELEMENTS--GENERAL INFORMATION
fixed length control field 260604b |||||||| |||| 00| 0 eng d
020 ## - ISBN
International Standard Book Number 9788131715055
Price 1140.00
040 ## - CATALOGING SOURCE
Original cataloging agency Doon University
041 ## - Language
Language English
082 ## - DDC NUMBER
Classification number 006.3
Book Number WIN
100 ## - MAIN ENTRY--PERSONAL NAME
Personal name Winston, Patrick Henry
245 ## - TITLE STATEMENT
Title Artificial Intelligence
250 ## - EDITION STATEMENT
Edition statement 3rd
260 ## - PUBLICATION, DISTRIBUTION, ETC. (IMPRINT)
Place of publication, distribution, etc Noida
Name of publisher, distributor, etc Pearson
Date of publication, distribution, etc 2025
300 ## - PHYSICAL DESCRIPTION
Pages 737
650 ## - Subject
Subject Commerce (PM USHA)
942 ## - ADDED ENTRY ELEMENTS (KOHA)
Koha item type Books
100 ## - MAIN ENTRY--PERSONAL NAME
-- 26822
650 ## - Subject
-- 26705
952 ## - LOCATION AND ITEM INFORMATION (KOHA)
-- 2026-06-04
952 ## - LOCATION AND ITEM INFORMATION (KOHA)
-- 2026-06-04
Holdings
Withdrawn status Lost status Source of classification or shelving scheme Damaged status Not for loan Location (home branch) Sublocation or collection (holding branch) Date acquired Koha full call number Accession No. Koha date last seen Koha item type Koha issues (times borrowed)
        Not For Loan Doon University Doon University 04.06.2026 006.3 WIN 34467 04.06.2026 Reference  
          Doon University Doon University 04.06.2026 006.3 WIN 34468 04.06.2026 Books  
Contact : +91-135-2533126 (Library),+91-135-2533105 (Admin Office) , Email : doonlibrary@gmail.com

Powered by Koha